000 02487nam a22002657a 4500
003 Uzh_bibl
008 260428b |||||||| |||| 00| 0 ukr d
020 _a978-966-8659-69-0
_c80.00
040 _bукр.
041 _2ukr
_aukr
080 _a821(477)
090 _a821(477)
_bК 59
100 _aКокотюха ,Андрій
245 _aПовний місяць
_hТекст
260 _aКиїв
_bНора-Друк
_c2015
300 _a368 с.
_fВ опр.
490 _aСерія "Морок"
_v2-е вид.
520 _aОсiнь 1944 року. Подiлля. Лiнiя фронту вже далеко, але спокою в тилу немає. У селищi Сатанів страх перед гестапо змiнився боязню каральних операцiй НКВС, мало того, округу тероризують озброєнi до зубiв банди кримiнальникiв та дезертирiв, але й це ще не все: кiлька мiсяцiв у околицях на узлiссi знаходять тiла людей, загризених дикими тваринами. Люди кажуть, завiвся в тутешньому лiсi вовкулака…<br/>Розгадати таємницю сатанівського лiсу береться бойовий офiцер, фронтовик Андрiй Левченко. Разом iз ним у небезпечнiй грi є втікач із сталінського табору Iгор Вовк, жорстокий капiтан НКВС Сомов, дезертир Жора Теплий та повстанський сотник Грiм. Їхнi долi сплелися в тугий вузол, кожен має свiй секрет. Кому з них вдасться вистояти в двобої з перевертнем?<br/>Детективний трилер, виконаний у популярному стилi ретро-роману, що захоплює з перших сторiнок. А фiнал обiцяє несподiванки, яких не чекав, за його зiзнанням, сам автор.
521 _aДля широкого кола читачів
546 _aукр.
650 _aЛітературно - художнє видання
653 _aКінець війни
_aВбивство
_aРозслідування
655 _aДетектив
_vРоман
942 _2udc
_cBK
999 _c17541
_d17541